Obama's Cabinet Quiz Stats

 Plays Quiz Updated Apr 4, 2019

Score 0/53 Timer 05:00
4 Plays Today
Department Name % Correct
Vice PresidentJoe Biden
95.4%
Secretary of StateHillary Clinton
93.6%
Secretary of StateJohn Kerry
84.4%
Secretary of DefenseLeon Panetta
56.3%
Attorney GeneralEric Holder
55.5%
Secretary of TreasuryTimothy Geithner
52.7%
Attorney GeneralLoretta E. Lynch
51.8%
Chief of StaffJacob Lew
48.4%
Secretary of DefenseRobert Gates
46.8%
Chief of StaffRahm Emanuel
41.8%
Secretary of TreasuryJacob Lew
41.7%
Secretary of DefenseChuck Hagel
39.6%
Secretary of Homeland SecurityJanet Napolitano
39.2%
Secretary of DefenseAshton Carter
38.7%
Secretary of Health and Human ServicesKathleen Sebelius
36%
Secretary of Homeland SecurityJeh Johnson
34.4%
Ambassador to the United NationsSusan Rice
34.1%
Secretary of EducationArne Duncan
33.9%
Secretary of EnergySteven Chu
32.3%
Secretary of the InteriorKen Salazar
29.2%
Secretary of Housing and Urban DevelopmentJulián Castro
29.2%
Ambassador to the United NationsSamantha Power
28.9%
Secretary of TransportationRay LaHood
27.9%
Secretary of AgricultureTom Vilsack
27.7%
Director of the Office of Management and BudgetJacob Lew
25.7%
Secretary of LaborThomas Perez
24.8%
Secretary of LaborHilda Solis
22.8%
Department Name % Correct
Secretary of the InteriorSally Jewell
21.5%
Secretary of TransportationAnthony Foxx
20.9%
Secretary of EnergyErnest Moniz
20.7%
Secretary of Veterans AffairsEric Shinseki
20.6%
Chief of StaffDenis McDonough
19.1%
Secretary of CommercePenny Pritzker
19%
Chief of StaffWilliam Daley
19%
Secretary of Health and Human ServicesSylvia Mathews Burwell
18.6%
Admin. of the Environmental Protection AgencyLisa Jackson
18.5%
Secretary of EducationJohn King
17.6%
Director of the Office of Management and BudgetSylvia Mathews Burwell
17.5%
Director of the Office of Management and BudgetShaun Donovan
17%
Secretary of Housing and Urban DevelopmentShaun Donovan
15.6%
Secretary of CommerceJohn E. Bryson
15.5%
Secretary of CommerceGary Locke
14.3%
Secretary of Veterans AffairsRobert A. McDonald
14.3%
Admin. of the Environmental Protection AgencyGina McCarthy
13.5%
United States Trade RepresentativeRonald Kirk
13.1%
Director of the Office of Management and BudgetPeter Orszag
10.8%
Chairman of Council of Economic AdvisersAustan Goolsbee
9.3%
Chairman of Council of Economic AdvisersChristina Romer
8.9%
United States Trade RepresentativeMichael Froman
8.8%
Chairman of Council of Economic AdvisersJason Furman
8.2%
Small Business AdministratorMaria Contreras-Sweet
7%
Chairman of Council of Economic AdvisersAlan B. Krueger
6.8%
Small Business AdministratorKaren G. Mills
6.8%

You're not logged in!

Compare scores with friends on all Sporcle quizzes.
OR
Log In

Sporcle TV

Today on Sporcle TV


Watch our educational content, quiz creation guides, and fun videos on Sporcle TV.

Show Comments

Extras

Top Quizzes Today


Score Distribution

Your Account Isn't Verified!

In order to create a playlist on Sporcle, you need to verify the email address you used during registration. Go to your Sporcle Settings to finish the process.

Report this User

Report this user for behavior that violates our Community Guidelines.

Details: